000 00705nam a2200253 i 4500
001 bg
100 1 _aKrzysztofiak, Mirosław.
245 1 0 _aMetody statystyczne /
_cMirosław Krzysztofiak, Danuta Urbanek.
250 _aWyd. 4.
260 _aWarszawa :
_bPaństwowe Wydawnictwo Naukowe,
_c1981.
300 _a415 s. :
_bwykr. ;
_c20 cm.
504 _aBibliogr.
650 9 _aRachunek prawdopodobieństwa
650 9 _aStatystyka matematyczna
655 _aPodręczniki akademickie
700 1 _aUrbanek, Danuta.
020 _a8301009179
040 _cBPK
041 0 _apl
080 _a519.2(075.8)
920 _a83-01-00917-9
942 _cKS
008 s pl f |000 0 pol
999 _c37486
_d37486
856 _uhttp://koha.tu.koszalin.pl/cgi-bin/koha/opac-detail.pl?biblionumber=37486
_yKatalog online BPK